000 01640nam a22004337a 4500
003 CHAP
005 20220329143331.0
008 080908s2008 mx a r 00010 spa d
010 _a95102
011 _a96074
035 _a106715
040 _cCHAP
090 _aTesis
100 1 _aRamìrez Zárate, Álvaro.
_994541
245 1 0 _aEvaluación Económica y financiera de la zarzamora (Rubus spp.), bajo riego por goteo
_c/por Álvaro Ramirez Zárate
260 _aChapingo, Méx. :
_bEl autor,
_c2008
300 _ax, 130 h. :
_bilus., gráfs., cuadros, plano
502 _aTesis (Ing. en Irrigación) -- UACH. Departamento de Irrigación
530 _aTambién disponible en línea
590 _aALEPH
_b10
_c20130110
_lUCH01
_h1523
590 _aBATCH-UPD
_b10
_c20130110
_lUCH01
_h0603
590 _aBATCH-UPD
_b10
_c20130410
_lUCH01
_h0245
590 _aBATCH-UPD
_b10
_c20130914
_lUCH01
_h1408
590 _aBATCH-UPD
_b10
_c20140324
_lUCH01
_h1507
590 _aBATCH-UPD
_b10
_c20141002
_lUCH01
_h0836
590 _aCONVERSION
_b10
_c20130109
_lUCH01
_h1353
650 1 4 _aFinanzas
_xEvaluación.
_940940
650 1 4 _aFruta
_xEvaluación.
_943614
650 1 4 _aProyectos
_xFinanciamiento.
_992526
650 1 4 _aRiego por goteo.
_997380
650 1 4 _aZarzamora
_xCostos de producción.
_9123732
650 1 4 _aZarzamora
_xMéxico.
_9123741
856 _3Finding aid
_uhttp://10.13.5.2/tesis/106715.pdf
_zTeclea aqui
901 _aBK
905 _aluisgm
942 _cFOLL
949 _aTesis
_bBC
_cTES
_d33724002071272
_eTS2
_fc.2
_gDonaciØn
_h48004
_i106715
_si
949 _aTesis
_bBC
_cTES
_d33724002071314
_eTS1
_gDonaciØn
_h48003
_i106715
_sb
999 _c95102
_d95102